Setas no comestibles - Statistiques

Statistiques générales
  • Ce quiz a été pris 35 fois
  • Le résultat moyen est 8 sur 12
Statistiques - réponses
Hint Réponse % Correct
Falsa oronja Amanita muscaria
100%
Oronja verde Amanita phalloides
100%
Angel de la muerte Amanita virosa
88%
Satanas mataparientes Boletus satanas
88%
Bonete Gyromitra esculenta
75%
Clitocibe blanco Clitocybe dealbata
63%
Paxilo enrollado Paxillus involutus
63%
Ruscula emética Russula emetica
50%
Coprino entintado Coprinus atramentarius
38%
(Sin nombre comun) Galerina marginata
38%
Niscalo falso Lactarius torminosus
38%
Ramaria elegante Ramaria formosa
38%
Aucun quiz correspondant
Distribution des résultats
% des personnes avec chaque résultat
Percentile par nombre de réponses
Votre historique - résultats
Vous n’avez pas pris ce quiz